Anthropology and politics : revolutions in the sacred grove

Αποθηκεύτηκε σε:
Λεπτομέρειες βιβλιογραφικής εγγραφής
Κύριος συγγραφέας: Gellner, Ernest
Μορφή: Βιβλίο
Γλώσσα:English
Δημοσίευση: Oxford : Blackwell, 1996
Θέματα:
Ετικέτες: Προσθήκη ετικέτας
Δεν υπάρχουν, Καταχωρήστε ετικέτα πρώτοι!

MARC

LEADER 00000cam a2200000 i 4500
001 1/90033
008 990917s1996 eng d
020 |a 0-631-19918-7 
035 |l 10052948 
040 |a GR-MY-UA  |b gre  |e aacr 
041 0 |a eng 
082 0 |a 306.2 
100 1 |a Gellner, Ernest. 
245 1 0 |a Anthropology and politics :  |b revolutions in the sacred grove /  |c Ernest Gellner 
260 |a Oxford :   |b Blackwell,   |c 1996 
300 |a 260 p. 
504 |a Includes index 
650 0 0 |a Political anthropology. 
852 |a INST  |b LESVOS  |e 19990917  |h 306.2 GEL  |p 005100015809  |q 005100015809  |t BK  |y 0 
852 |a INST  |b LESVOS  |e 20000127  |h 306.2 GEL  |p 005100021987  |q 005100021987  |t BK  |y 0 
901 |a BIBL1-1999-3 
909 |a Λ  |b 067104 
909 |a Λ  |b 073288 
922 |a 1ΕΛΗ  |b 200001  |c ΚΠΣ/ΤΚΑ  |d LEADER 
950 |a 117-1999-07-27 
970 |a ΚΑΜΑΤΣΟΥ  |b ΔΕΣΠΟΙΝΑ  |z 1999/09/17